[Event "FICGS class B 000144 email"]
[Site "FICGS email"]
[Date "2011.04.13"]
[Round "1"]
[White "Wolf, Bernd"]
[Black "Legrand, Jonathan"]
[Result "1-0"]
[WhiteElo "1931"]
[BlackElo "1900"]
[PlyCount "35"]
[EventDate "2011.??.??"]
[EventType "tourn (corr)"]
[EventRounds "6"]
[SourceTitle "Corr 2013"]
[Source "ChessBase"]
[SourceDate "2012.11.12"]
[SourceVersion "1"]
[SourceVersionDate "2012.11.12"]
[SourceQuality "1"]

1. c4 Nf6 2. Nc3 g6 3. d4 Bg7 4. e4 d6 5. Nf3 0-0 6. Be2 e5 7. 0-0 Nc6 8. d5 Ne7 9. b4 Nh5 10. Re1 f5 11. Ng5 Nf6 12. f3 c6 13. Rb1 a5 14. bxa5 Qxa5 15. Rb3 h6 16. Ne6 Bxe6 17. dxe6 Rfd8 18. Be3 1-0

[Event "FICGS W-ch st1 g11 email"]
[Site "FICGS email"]
[Date "2011.04.01"]
[Round "1"]
[White "Legrand, Jonathan"]
[Black "Hasyn, Thomas"]
[Result "0-1"]
[WhiteElo "1900"]
[BlackElo "1782"]
[PlyCount "38"]
[EventDate "2011.??.??"]
[EventType "tourn (corr)"]
[EventRounds "7"]
[SourceTitle "Corr 2013"]
[Source "ChessBase"]
[SourceDate "2012.11.12"]
[SourceVersion "1"]
[SourceVersionDate "2012.11.12"]
[SourceQuality "1"]

1. e4 c5 2. Nf3 d6 3. d4 cxd4 4. Nxd4 Nf6 5. Nc3 Nc6 6. Be2 e5 7. Ndb5 a6 8. Na3 b5 9. Nd5 Nxe4 10. Bf3 f5 11. Be3 Rb8 12. 0-0 Ne7 13. Bxe4 fxe4 14. c3 Nxd5 15. Qxd5 Bb7 16. Qe6+ Qe7 17. Qh3 Qf7 18. Nc2 Be7 19. f4 exf3 0-1